000
00276nam a2200109Ia 4500
008
190919s9999||||xx |||||||||||||| ||und||
100
_a
Robert L.Boylestad
245
0
_a
Electronic Devices and Cricuit Theory
260
_a
India
_b
Pearson
_c
1995
300
_a
456
942
_c
BK
999
_c
10563
_d
10563